000 00703nam a2200205 i 4500
001 71700
003 ES-MaACL
005 20250808082322.0
007 t|
008 040817s1961 sp ||||1| spa d
080 _a347.243(460)
100 1 _aGerona de la Figuera, Luis E.
_956488
245 1 0 _aApuntes de derecho /
_cLuis E. Gerona de la Figuera.
260 _aZaragoza :
_bCaja de Ahorros y Monte de Piedad de Zaragoza, Aragón y Rioja,
_c[1961] (
_fTipo Línea)
300 _a71 p. ;
_c18 cm.
650 4 _aDerecho agrario-
_zEspaña
_911649
710 2 _aCaja de Ahorros y Monte de Piedad de Zaragoza, Aragón y Rioja.
_92326
852 _aES-MaACL
_jC-20101
999 _c71700
_d71700